000 00815nam a2200193 a 4500
008 070510s2000 ||||||||||||||||| || u
020 _a0072363967
050 _aBF 149 PSY
100 _aDuff, Karen G
245 1 0 _aPsychology: annual editions 00/01.
_cedited by Karen G. Duffy
250 _a30th ed.
260 _aConnectcut
_bDuskin/ McGraw-Hill
_c2000
300 _ax, 229p.: ill.
350 _a0.00
650 3 _aPSYCHOLOGY
650 _aPSYCHOLOGY--PERIODICALS
995 _aMAIN LIBRARY OPEN ACCESS
_D0.00
_e737192
_FCBU-MAIN LIBRARY (Kitwe)
_H1
_I0.00
_jBF 149 PSY
_M2
_UAVAILABLE
_WMay 10, 2007
_y41756
_ZMain Library Open Access Collection
995 _aMAIN LIBRARY OPEN ACCESS
_D0.00
_e737191
_FCBU-MAIN LIBRARY (Kitwe)
_H1
_I0.00
_jBF 149 PSY
_M1
_UAVAILABLE
_WMay 10, 2007
_y41754
_ZMain Library Open Access Collection
999 _c77124
_d77124